00598nam a2200133Ia 4500008004100000100003000041245015600071245008500227260005300312260001500365300000800380650001500388856006100403170221s9999 xx 000 0 und d aSvetlana Sergeevna Nosova aAnalysis of the Factors Affecting the Development of Economic Culture of a Family in the Russian Federation Based on Experience of Developed Countries  cSvetlana Sergeevna Nosova, Rafael Envarovich Abdulov, Yulia Mihailovna Medvedeva bInternational Review of Management and Marketing cMarch 2016 a5:1 xMarketing. uhttp://www.econjournals.com/index.php/irmm/issue/view/75